Day #60: Countries 6000 km away from Finland - Statistics

General Stats
  • This quiz has been taken 14 times
  • The average score is 15 of 20
Answer Stats
Answer % Correct
China
89%
Russia
89%
Bhutan
78%
Cameroon
78%
Canada
78%
Central African Republic
78%
Ethiopia
78%
Ghana
78%
India
78%
Mali
78%
Nepal
78%
Nigeria
78%
United States
78%
Benin
67%
Burkina Faso
67%
Guinea
67%
Senegal
67%
Somalia
67%
Togo
67%
South Sudan
56%
No matching quizzes found
Score Distribution
Percent of People with Each Score
Percentile by Number Answered
Your Score History
You have not taken this quiz